Compromiso solidario / (Record no. 15312)
[ view plain ]
| 000 -CABECERA | |
|---|---|
| campo de control de longitud fija | 00862cam a2200217 a 4500 |
| 001 - NÚMERO DE CONTROL | |
| campo de control | 000015764 |
| 003 - IDENTIFICADOR DEL NÚMERO DE CONTROL | |
| campo de control | DO-SdBNP |
| 005 - FECHA Y HORA DE LA ÚLTIMA TRANSACCIÓN | |
| campo de control | 20251030115334.0 |
| 008 - DATOS DE LONGITUD FIJA--INFORMACIÓN GENERAL | |
| campo de control de longitud fija | 970728k19961997ve a f001 0 spa |
| 020 ## - NÚMERO INTERNACIONAL ESTÁNDAR DEL LIBRO | |
| Número Internacional Estándar del Libro | 9800302182 |
| 040 ## - FUENTE DE LA CATALOGACIÓN | |
| Centro catalogador/agencia de origen | DO-SdBNP |
| Lengua de catalogación | spa |
| Centro/agencia transcriptor | BNPHU |
| 082 #4 - NÚMERO DE LA CLASIFICACIÓN DECIMAL DEWEY | |
| Número de clasificación | 080.87 |
| Número de documento/Ítem | C146c |
| 100 1# - ENTRADA PRINCIPAL--NOMBRE DE PERSONA | |
| Nombre de persona | Caldera, Rafael, |
| Fechas asociadas al nombre | 1916-2009. |
| 9 (RLIN) | 35475 |
| 245 10 - MENCIÓN DE TÍTULO | |
| Título | Compromiso solidario / |
| Mención de responsabilidad, etc. | Rafael Caldera. |
| 260 ## - PUBLICACIÓN, DISTRIBUCIÓN, ETC. | |
| Lugar de publicación, distribución, etc. | Caracas : |
| Nombre del editor, distribuidor, etc. | Ediciones de la Presidencia de la República, |
| Fecha de publicación, distribución, etc. | 1996-1997. |
| 300 ## - DESCRIPCIÓN FÍSICA | |
| Extensión | v. : |
| Otras características físicas | il. ; |
| Dimensiones | 22 cm. |
| 505 1# - NOTA DE CONTENIDO CON FORMATO | |
| Información miscelánea | t.1. |
| Título | Selección de discursos del primer año de gobierno, 1994. -- |
| Información miscelánea | t.2. v.1. |
| Título | Selección de discursos del primer año de gobierno, 1995. -- |
| Información miscelánea | t.3. v.2. |
| Título | Selección de discursos del primer año de gobierno, 1996. |
| 650 #4 - PUNTO DE ACCESO ADICIONAL DE MATERIA--TÉRMINO DE MATERIA | |
| Término de materia o nombre geográfico como elemento de entrada | Discursos presidenciales |
| 9 (RLIN) | 10061 |
| 651 #0 - PUNTO DE ACCESO ADICIONAL DE MATERIA--NOMBRE GEOGRÁFICO | |
| Nombre geográfico | Venezuela |
| Subdivisión general | Política y gobierno |
| 9 (RLIN) | 26230 |
| 942 ## - ELEMENTOS DE PUNTO DE ACCESO ADICIONAL (KOHA) | |
| Fuente del sistema de clasificación o colocación | Dewey Decimal Classification |
| Tipo de ítem Koha | Libro |
| Estado de retiro | Estado de pérdida | Restricciones de uso | No para préstamo | Código de colección | Localización permanente | Ubicación/localización actual | Ubicación en estantería | Fecha de adquisición | Número de inventario | Total de préstamos | Signatura topográfica completa | Código de barras | Fecha visto por última vez | Precio válido a partir de | Tipo de ítem Koha |
|---|---|---|---|---|---|---|---|---|---|---|---|---|---|---|---|
| Excluido de préstamo | Monografías: Libros y Folletos | General | General | Depósito | 17.02.2010 | LF1 | 080.87 C146c | 15764-10 | 25.06.2020 | 25.06.2020 | No se presta | ||||
| Excluido de préstamo | Monografías: Libros y Folletos | General | General | Depósito | 17.02.2010 | LF1 | 080.87 C146c | 15764-20 | 25.06.2020 | 25.06.2020 | No se presta | ||||
| Excluido de préstamo | Monografías: Libros y Folletos | General | General | Depósito | 17.02.2010 | LF1 | 080.87 C146c | 15764-30 | 25.06.2020 | 25.06.2020 | No se presta | ||||
| Extraviado | Excluido de préstamo | Monografías: Libros y Folletos | General | General | Extraviado | 02.06.2017 | LF1 | 080.87 C146c | 15764-40 | 25.06.2020 | 25.06.2020 | No se presta |
